[Event "DSOL 02 Liga Gr-B 1st"]
[Site "Playchess.com INT"]
[Date "2020.07.24"]
[Round "5.2"]
[White "Sprotte, Norbert"]
[Black "Klaus, Christian"]
[Result "1/2-1/2"]
[WhiteElo "2097"]
[BlackElo "2079"]
[PlyCount "68"]
[EventDate "2020.06.22"]
[EventType "team-tourn (rapid)"]
[EventCountry "GER"]
[SourceTitle "EXT 2021"]
[Source "ChessBase"]
[SourceDate "2020.10.23"]
[SourceVersion "1"]
[SourceVersionDate "2020.10.23"]
[SourceQuality "1"]
[WhiteTeam "Kreuzberg"]
[BlackTeam "Breitenworbis"]
[WhiteTeamCountry "GER"]
[BlackTeamCountry "GER"]

1. d4 g6 2. Nf3 Bg7 3. g3 f6 4. Nc3 Nh6 5. e4 Nf7 6. Be3 e5 7. dxe5 fxe5 8. Bc4 d6 9. h4 h6 10. Qd2 Nc6 11. a3 a6 12. Rg1 Bg4 13. Nh2 Qd7 14. Nxg4 Qxg4 15. Qe2 Qxe2+ 16. Nxe2 Rf8 17. 0-0-0 0-0-0 18. h5 gxh5 19. f4 Bf6 20. Nc3 Ne7 21. Rh1 h4 22. Be6+ Kb8 23. Bxf7 Rxf7 24. fxe5 Bxe5 25. Rxh4 Bxg3 26. Rxh6 Rf3 27. Bd2 Be5 28. Rh7 Re8 29. Rg1 Ng8 30. Nd5 c6 31. Nc3 Nf6 32. Rf7 Rh8 33. Rgg7 Rh1+ 34. Nd1 Rff1 1/2-1/2

[Event "Erfurt MT op 27th"]
[Site "Erfurt"]
[Date "2017.12.27"]
[Round "3"]
[White "Klaus, Christian"]
[Black "Petkidis, Anthony"]
[Result "0-1"]
[WhiteElo "2128"]
[BlackElo "2293"]
[PlyCount "48"]
[EventDate "2017.12.26"]
[EventType "swiss"]
[EventRounds "8"]
[EventCountry "GER"]
[SourceTitle "CBM 182 Extra"]
[Source "ChessBase"]
[SourceDate "2018.02.23"]
[SourceVersion "1"]
[SourceVersionDate "2018.02.23"]
[SourceQuality "1"]

1. e4 e5 2. Nc3 Nf6 3. g3 Bc5 4. Bg2 c6 5. Nge2 d5 6. exd5 cxd5 7. d4 exd4 8. Nxd4 0-0 9. 0-0 Bg4 10. Qd3 Bxd4 11. Qxd4 Nc6 12. Qa4 d4 13. h3 Bh5 14. Nb1 Re8 15. Bg5 h6 16. Bxf6 Qxf6 17. Nd2 Re2 18. Ne4 Qe5 19. f3 d3 20. c3 Bg6 21. f4 Rxg2+ 22. Kxg2 Bxe4+ 23. Kh2 Qd5 24. Rfe1 Bf3 0-1

[Event "Leipzig VfB op 23rd"]
[Site "Leipzig"]
[Date "2016.03.15"]
[Round "1"]
[White "Bertram, Thomas"]
[Black "Klaus, Christian"]
[Result "0-1"]
[WhiteElo "1751"]
[BlackElo "2129"]
[PlyCount "64"]
[EventDate "2016.03.15"]
[EventType "swiss"]
[EventRounds "9"]
[EventCountry "GER"]
[SourceTitle "EXT 2017"]
[Source "ChessBase"]
[SourceDate "2016.10.25"]
[SourceVersion "1"]
[SourceVersionDate "2016.10.25"]
[SourceQuality "1"]

1. e4 g6 2. d4 Bg7 3. Nf3 d6 4. Be2 Nf6 5. Nc3 0-0 6. 0-0 a6 7. Bg5 b5 8. Nd5 Nxd5 9. exd5 Bb7 10. c4 bxc4 11. Bxc4 Nd7 12. Re1 Nf6 13. Qd3 Re8 14. Bxf6 exf6 15. Rxe8+ Qxe8 16. Re1 Qd7 17. Qb3 Bc8 18. Qd1 f5 19. Bb3 Qd8 20. h3 Bd7 21. Ne5 dxe5 22. dxe5 Kh8 23. e6 Be8 24. e7 Qd7 25. d6 Qxd6 26. Ba4 Bf6 27. Qf3 Rb8 28. Bb3 Bxe7 29. Rd1 Qf6 30. Qe3 f4 31. Qa7 Qb6 32. Qxb6 cxb6 0-1

[Event "Leipzig VfB op 22nd"]
[Site "Leipzig"]
[Date "2015.03.07"]
[Round "7"]
[White "Klaus, Christian"]
[Black "Kievelitz, Bernd"]
[Result "1-0"]
[WhiteElo "2115"]
[BlackElo "1953"]
[PlyCount "73"]
[EventDate "2015.03.03"]
[EventType "swiss"]
[EventRounds "9"]
[EventCountry "GER"]
[SourceTitle "EXT 2016"]
[Source "ChessBase"]
[SourceDate "2015.10.08"]
[SourceVersion "1"]
[SourceVersionDate "2015.10.08"]
[SourceQuality "1"]

1. e4 c5 2. Nc3 a6 3. g3 b5 4. Bg2 Bb7 5. d3 e6 6. Nh3 d6 7. 0-0 Qc7 8. f4 Nd7 9. f5 e5 10. Be3 Ngf6 11. g4 h6 12. Nf2 Be7 13. Qc1 Nh7 14. Nd5 Bxd5 15. exd5 Bg5 16. c4 f6 17. Ne4 Bxe3+ 18. Qxe3 Ng5 19. Ng3 Nb6 20. b3 Kf7 21. h4 Nh7 22. Ne4 b4 23. g5 hxg5 24. hxg5 Nxg5 25. Nxg5+ fxg5 26. Qxg5 Rh6 27. f6 Rxf6 28. Be4 Rf8 29. Qg6+ Ke7 30. Qxg7+ R8f7 31. Qg5 Nd7 32. Bf5 Kf8 33. Bg6 Rxf1+ 34. Rxf1 Rxf1+ 35. Kxf1 Nb6 36. Qf6+ Kg8 37. Bf5 1-0

[Event "Leipzig VfB op 22nd"]
[Site "Leipzig"]
[Date "2015.03.05"]
[Round "4"]
[White "Gerhardt, Dirk"]
[Black "Klaus, Christian"]
[Result "0-1"]
[WhiteElo "1976"]
[BlackElo "2115"]
[PlyCount "114"]
[EventDate "2015.03.03"]
[EventType "swiss"]
[EventRounds "9"]
[EventCountry "GER"]
[SourceTitle "EXT 2016"]
[Source "ChessBase"]
[SourceDate "2015.10.08"]
[SourceVersion "1"]
[SourceVersionDate "2015.10.08"]
[SourceQuality "1"]

1. d4 g6 2. e4 Bg7 3. Nf3 d6 4. Nbd2 Nc6 5. c3 e5 6. Bb5 Bd7 7. dxe5 Nxe5 8. Qe2 Nf6 9. Nxe5 dxe5 10. 0-0 0-0 11. Bxd7 Qxd7 12. Nf3 Rfe8 13. h3 Qc6 14. Re1 Nd7 15. Nh2 Nc5 16. f3 Rad8 17. Be3 Nd3 18. Red1 Nf4 19. Qc2 Bf8 20. Rxd8 Rxd8 21. Rd1 Rxd1+ 22. Qxd1 Bc5 23. Qd2 Bxe3+ 24. Qxe3 Qb5 25. Qd2 h5 26. Nf1 Qd3 27. Qxd3 Nxd3 28. b4 Nc1 29. a3 Ne2+ 30. Kf2 Nxc3 31. Ne3 Nb5 32. a4 Nd6 33. Nd5 c6 34. Nf6+ Kg7 35. Nd7 f6 36. Ke2 Kf7 37. Kd3 Ke7 38. Nc5 b6 39. Nb3 Nb7 40. Nd2 Kd6 41. Nc4+ Kc7 42. h4 Nd8 43. g4 Ne6 44. g5 b5 45. axb5 cxb5 46. Na3 a6 47. gxf6 Kd6 48. Nc2 Nf4+ 49. Ke3 Ke6 50. Kf2 Kxf6 51. Kg3 Nd3 52. Kg2 g5 53. Kg3 gxh4+ 54. Kxh4 Kg6 55. Kh3 Kg5 56. Kg3 h4+ 57. Kh3 Kf4 0-1

[Event "Leipzig VfB op 22nd"]
[Site "Leipzig"]
[Date "2015.03.04"]
[Round "3"]
[White "Klaus, Christian"]
[Black "Kaase, Julian"]
[Result "1/2-1/2"]
[WhiteElo "2115"]
[BlackElo "1689"]
[PlyCount "42"]
[EventDate "2015.03.03"]
[EventType "swiss"]
[EventRounds "9"]
[EventCountry "GER"]
[SourceTitle "EXT 2016"]
[Source "ChessBase"]
[SourceDate "2015.10.08"]
[SourceVersion "1"]
[SourceVersionDate "2015.10.08"]
[SourceQuality "1"]

1. e4 c5 2. c4 Nc6 3. Nc3 d6 4. g3 g6 5. Bg2 Bg7 6. Nge2 e6 7. a3 Nge7 8. 0-0 0-0 9. Rb1 a6 10. b4 Rb8 11. h3 cxb4 12. axb4 b5 13. cxb5 axb5 14. d4 d5 15. Bf4 Rb6 16. e5 Nf5 17. g4 Nh4 18. Bh1 f6 19. exf6 Bxf6 20. Bh6 Rf7 21. f4 Ra7 1/2-1/2

[Event "Erfurt HT op 24th"]
[Site "Erfurt"]
[Date "2014.12.28"]
[Round "4"]
[White "Klaus, Christian"]
[Black "Moeller, Frank"]
[Result "1-0"]
[WhiteElo "2082"]
[BlackElo "1835"]
[PlyCount "73"]
[EventDate "2014.12.26"]
[EventType "swiss"]
[EventRounds "8"]
[EventCountry "GER"]
[SourceTitle "CBM 164 Extra"]
[Source "ChessBase"]
[SourceDate "2015.03.02"]
[SourceVersion "1"]
[SourceVersionDate "2015.03.02"]
[SourceQuality "1"]

1. e4 e6 2. d4 d5 3. e5 c5 4. c3 cxd4 5. cxd4 Nc6 6. Nf3 Nge7 7. a3 Bd7 8. b4 Rc8 9. Be2 a6 10. 0-0 h6 11. Nbd2 Nb8 12. Bb2 Ng6 13. g3 Be7 14. Bd3 0-0 15. h4 Re8 16. h5 Nf8 17. Nb3 Ba4 18. Nfd2 b6 19. Qe2 Qd7 20. Rac1 Qb7 21. f4 Qd7 22. Na1 Qa7 23. Nc2 Bxc2 24. Bxc2 Rc7 25. Qd3 Nbd7 26. f5 Bg5 27. Rcd1 Bxd2 28. Rxd2 b5 29. Rdf2 Nb6 30. Bc1 Nc4 31. f6 Rec8 32. fxg7 Kxg7 33. Qf3 Nh7 34. Qf4 Ng5 35. Qf6+ Kg8 36. Bxg5 hxg5 37. h6 1-0

[Event "Leipzig VfB op 20th"]
[Site "Leipzig"]
[Date "2013.03.09"]
[Round "9"]
[White "Meissner, Felix"]
[Black "Klaus, Christian"]
[Result "1-0"]
[WhiteElo "2267"]
[BlackElo "2091"]
[PlyCount "81"]
[EventDate "2013.03.05"]
[EventType "swiss"]
[EventRounds "9"]
[EventCountry "GER"]
[SourceTitle "EXT 2014"]
[Source "ChessBase"]
[SourceDate "2013.11.20"]
[SourceVersion "1"]
[SourceVersionDate "2013.11.20"]
[SourceQuality "1"]

1. e4 g6 2. d4 Bg7 3. Nc3 d6 4. f4 e6 5. Nf3 Nd7 6. e5 Ne7 7. Bd3 0-0 8. 0-0 f6 9. Qe2 dxe5 10. fxe5 Nc6 11. Bc4 Qe7 12. exf6 Nxf6 13. Bg5 h6 14. Bh4 g5 15. Bf2 Ng4 16. Rad1 Nxf2 17. Rxf2 Kh8 18. h3 Bd7 19. Ne4 Rf4 20. c3 Raf8 21. Nc5 Nd8 22. Nd3 R4f5 23. Rdf1 Nc6 24. Nc5 Rxc5 25. dxc5 Qxc5 26. Kh1 a6 27. Bd3 Rf4 28. Bc2 e5 29. Ne1 Qd5 30. Bb3 Qd6 31. Nd3 Rh4 32. Qe3 e4 33. Nc5 Bc8 34. Rd1 Qe5 35. Rd5 Qe7 36. Bc2 g4 37. Qxe4 Qxe4 38. Nxe4 Be6 39. Rd1 Ne5 40. Rd8+ Bg8 41. Bb3 1-0

[Event "Leipzig VfB op 20th"]
[Site "Leipzig"]
[Date "2013.03.05"]
[Round "1"]
[White "Klaus, Christian"]
[Black "Haerig, Wolfram"]
[Result "1/2-1/2"]
[WhiteElo "2091"]
[BlackElo "1759"]
[PlyCount "81"]
[EventDate "2013.03.05"]
[EventType "swiss"]
[EventRounds "9"]
[EventCountry "GER"]
[SourceTitle "EXT 2014"]
[Source "ChessBase"]
[SourceDate "2013.11.20"]
[SourceVersion "1"]
[SourceVersionDate "2013.11.20"]
[SourceQuality "1"]

1. e4 e5 2. Nc3 Bb4 3. g3 Nf6 4. Bg2 0-0 5. Nge2 Nc6 6. 0-0 d6 7. h3 Be6 8. Nd5 Bc5 9. c3 Bxd5 10. exd5 Ne7 11. b4 Bb6 12. a4 a5 13. Qb3 Qd7 14. Bb2 Rfe8 15. b5 Qf5 16. c4 Ne4 17. Bxe4 Qxe4 18. Rae1 Qg6 19. d4 exd4 20. Nxd4 Bc5 21. Qf3 h6 22. Re4 Bxd4 23. Rxd4 Qc2 24. Ba1 Ng6 25. Rg4 Ne5 26. Qf6 Qh7 27. Bxe5 Rxe5 28. b6 Kf8 29. Qf3 Rc8 30. bxc7 Rxc7 31. Qa3 Ke7 32. Rc1 Kd7 33. Rf4 f6 34. Qb2 Qd3 35. Kg2 Kc8 36. Qb6 Rxd5 37. Re1 Re5 38. Rd4 Qxd4 39. Qxd4 Rxe1 40. Qxd6 Ree7 41. c5 1/2-1/2

[Event "GER-chT Lands U20"]
[Site "Bad Sulza"]
[Date "2004.11.18"]
[Round "5.3"]
[White "Armbrust, Florian"]
[Black "Klaus, Christian"]
[Result "1-0"]
[WhiteElo "2268"]
[BlackElo "2074"]
[PlyCount "77"]
[EventDate "2004.11.15"]
[EventType "team-swiss"]
[EventRounds "7"]
[EventCountry "GER"]
[SourceTitle "EXT 2006"]
[Source "ChessBase"]
[SourceDate "2005.11.24"]
[SourceVersion "1"]
[SourceVersionDate "2005.11.24"]
[SourceQuality "1"]

1. e4 d6 2. d4 Nf6 3. Nc3 c6 4. f4 Qa5 5. Bd3 e5 6. Nf3 exd4 7. Nxd4 Qb6 8. Nb3 a5 9. Qf3 Be7 10. Be3 Qc7 11. a4 Na6 12. 0-0 Nb4 13. Rae1 Be6 14. Nd4 0-0 15. Nxe6 fxe6 16. Qh3 e5 17. Bc4+ Kh8 18. fxe5 dxe5 19. Re2 Na6 20. Be6 Nc5 21. Bf5 Kg8 22. Ref2 g6 23. Be6+ Nxe6 24. Qxe6+ Kg7 25. Bg5 Qd8 26. Qxe5 h6 27. Bh4 g5 28. Bg3 Qe8 29. Ne2 Bd8 30. Nd4 Qxe5 31. Bxe5 Re8 32. Bxf6+ Bxf6 33. Rxf6 Rxe4 34. Ne6+ Kh7 35. Nf8+ Kg7 36. Rg6+ Kh8 37. Rff6 Rxf8 38. Rxf8+ Kh7 39. Rd6 1-0

[Event "GER-chT Lands U20"]
[Site "Bad Sulza"]
[Date "2004.11.18"]
[Round "6.3"]
[White "Klaus, Christian"]
[Black "Rehberg, Raphael"]
[Result "1-0"]
[WhiteElo "2074"]
[BlackElo "2164"]
[PlyCount "149"]
[EventDate "2004.11.15"]
[EventType "team-swiss"]
[EventRounds "7"]
[EventCountry "GER"]
[SourceTitle "EXT 2006"]
[Source "ChessBase"]
[SourceDate "2005.11.24"]
[SourceVersion "1"]
[SourceVersionDate "2005.11.24"]
[SourceQuality "1"]

1. e4 c5 2. Nc3 Nc6 3. g3 g6 4. Bg2 Bg7 5. d3 d6 6. Be3 e5 7. Nge2 Nge7 8. 0-0 0-0 9. f4 Nd4 10. h3 Rb8 11. Qd2 f5 12. Nc1 b5 13. Nd1 exf4 14. gxf4 b4 15. c3 bxc3 16. bxc3 Ndc6 17. Ne2 Ba6 18. Nf2 Qa5 19. Rac1 Rb6 20. Ng3 fxe4 21. Nfxe4 Nd8 22. f5 gxf5 23. Bg5 fxe4 24. Bxe7 Rxf1+ 25. Rxf1 Rb7 26. Nf5 Ne6 27. Bxe4 Qxc3 28. Qxc3 Bxc3 29. Bxb7 Bxb7 30. Bxd6 Ba6 31. Rd1 Kf7 32. Kf2 Nd4 33. Nxd4 cxd4 34. Kg3 Bb7 35. Kf4 Ke6 36. Bf8 Bd5 37. a3 Bb3 38. Rg1 Bd2+ 39. Kf3 a5 40. Ke2 Be3 41. Rg7 h6 42. Ra7 a4 43. Bxh6 Bg1 44. Ra5 Bh2 45. Bf8 Bf4 46. Bc5 Bc7 47. Rb5 Kd5 48. Bb4+ Ke6 49. Rg5 Kf6 50. Rc5 Bg3 51. Kf3 Bh4 52. Rb5 Be6 53. Rh5 Bg5 54. Be7+ Kxe7 55. Rxg5 Bxh3 56. Rd5 Be6 57. Rxd4 Bb3 58. Rh4 Kd6 59. Ke4 Kc5 60. Rh5+ Kd6 61. Kd4 Kc6 62. Rc5+ Kd6 63. Rc8 Kd7 64. Rh8 Kc6 65. Ke5 Kd7 66. Rh6 Bc2 67. d4 Ke7 68. Rc6 Bb3 69. Rc7+ Kd8 70. Rg7 Ke8 71. Kd6 Kd8 72. d5 Kc8 73. Rg5 Bc4 74. Ke7 Bb5 75. d6 1-0

[Event "GER-chT Lands U20"]
[Site "Bad Sulza"]
[Date "2004.11.16"]
[Round "2.3"]
[White "Klaus, Christian"]
[Black "Mueller, Philipp"]
[Result "0-1"]
[WhiteElo "2074"]
[BlackElo "2016"]
[PlyCount "64"]
[EventDate "2004.11.15"]
[EventType "team-swiss"]
[EventRounds "7"]
[EventCountry "GER"]
[SourceTitle "EXT 2006"]
[Source "ChessBase"]
[SourceDate "2005.11.24"]
[SourceVersion "1"]
[SourceVersionDate "2005.11.24"]
[SourceQuality "1"]

1. e4 c5 2. c4 e6 3. Nc3 Nc6 4. g3 g6 5. Bg2 Bg7 6. Nge2 Nge7 7. a3 a6 8. Rb1 Rb8 9. b4 cxb4 10. axb4 b5 11. cxb5 axb5 12. 0-0 Qb6 13. d3 Nd4 14. Nxd4 Bxd4 15. Ne2 Bf6 16. Be3 Qd8 17. f4 d6 18. g4 h6 19. Ng3 h5 20. gxh5 gxh5 21. Nxh5 Ng6 22. Qg4 Nh4 23. Nxf6+ Qxf6 24. e5 Qh6 25. Ba7 Nxg2 26. Bxb8 Qxh2+ 27. Kf2 Nxf4+ 28. Ke1 Nxd3+ 29. Kd1 Nf2+ 30. Rxf2 Qxf2 31. Qe4 d5 32. Rc1 Qf1+ 0-1

[Event "GER-ch U16"]
[Site "Willingen"]
[Date "2004.05.30"]
[Round "1"]
[White "Klaus, Christian"]
[Black "Brener, Ilja"]
[Result "1-0"]
[WhiteElo "2061"]
[BlackElo "2263"]
[PlyCount "59"]
[EventDate "2004.06.??"]
[EventType "swiss"]
[EventRounds "9"]
[EventCountry "GER"]
[SourceTitle "EXT 2005"]
[Source "ChessBase"]
[SourceDate "2004.11.15"]
[SourceVersion "1"]
[SourceVersionDate "2004.11.15"]
[SourceQuality "1"]

1. e4 e5 2. Nc3 Nf6 3. g3 Nc6 4. Bg2 Bc5 5. h3 a6 6. Nge2 d6 7. 0-0 h5 8. d3 Be6 9. Nd5 Qd7 10. Kh2 Nh7 11. c3 0-0-0 12. d4 Ba7 13. Ne3 Ne7 14. d5 g5 15. dxe6 fxe6 16. b4 d5 17. Qb3 g4 18. h4 Rhf8 19. a4 d4 20. Nc4 Ng6 21. cxd4 exd4 22. Nf4 Nxf4 23. Bxf4 d3 24. Ne5 Qg7 25. Nxd3 Bd4 26. Rac1 e5 27. Nxe5 Kb8 28. Nd3 Rd7 29. Nc5 Bxc5 30. bxc5 1-0

[Event "GER-ch U14"]
[Site "Winterberg"]
[Date "2002.05.25"]
[Round "9"]
[White "Becker, Nils"]
[Black "Klaus, Christian"]
[Result "0-1"]
[WhiteElo "1643"]
[BlackElo "1630"]
[PlyCount "58"]
[EventDate "2002.05.19"]
[EventType "swiss"]
[EventRounds "9"]
[EventCountry "GER"]
[SourceTitle "CBM 088 Extra"]
[Source "ChessBase"]
[SourceDate "2002.07.01"]
[SourceVersion "2"]
[SourceVersionDate "2002.07.01"]
[SourceQuality "1"]

1. e4 d6 2. d4 Nf6 3. Nc3 c6 4. f4 Qa5 5. e5 Nd5 6. Qf3 Nxc3 7. Bd2 Qd5 8. bxc3 e6 9. Bd3 Qxf3 10. Nxf3 Nd7 11. 0-0 Be7 12. Rfe1 dxe5 13. fxe5 h6 14. Re2 0-0 15. Rf1 Nb6 16. c4 c5 17. c3 Bd7 18. Rb1 Bc6 19. Be3 Rfd8 20. Nd2 Na4 21. Rb3 Nxc3 22. Rxc3 cxd4 23. Bxd4 Rxd4 24. Ne4 Rad8 25. Bc2 Bb4 26. Rf3 Rxc4 27. Rf4 Rcd4 28. Ref2 Bxe4 29. Bxe4 Rxe4 0-1

[Event "GER-ch U14"]
[Site "Winterberg"]
[Date "2002.05.23"]
[Round "7"]
[White "Klink, Otto"]
[Black "Klaus, Christian"]
[Result "1/2-1/2"]
[WhiteElo "1567"]
[BlackElo "1630"]
[PlyCount "43"]
[EventDate "2002.05.19"]
[EventType "swiss"]
[EventRounds "9"]
[EventCountry "GER"]
[SourceTitle "CBM 088 Extra"]
[Source "ChessBase"]
[SourceDate "2002.07.01"]
[SourceVersion "2"]
[SourceVersionDate "2002.07.01"]
[SourceQuality "1"]

1. e4 d6 2. d4 Nf6 3. Nc3 c6 4. g3 Nbd7 5. Bg2 e5 6. Nge2 Be7 7. 0-0 0-0 8. h3 Re8 9. Be3 Bf8 10. f4 exd4 11. Bxd4 Qc7 12. g4 h6 13. Ng3 Nh7 14. Qd2 Nb6 15. f5 Nc4 16. Qe2 Ne5 17. Qf2 b6 18. Nh5 Ba6 19. Rfe1 Be7 20. Bf1 Bxf1 21. Rxf1 Ng5 22. Kg2 1/2-1/2